=LDR 00000nam 2200000 4500 =001 INLIS000000000050850 =005 20200313034828 =035 ##$$a 0010-0817000033 =007 ta =008 200313################g##########0#ind## =020 ##$$a 978-602-391-226-1 =082 ##$$a 297.51 =084 ##$$a 297.51 UST m =100 #$$a Ustadz Rusdianto =245 1#$$a Mengapa hartaku selalu berkah dan berlimpah? /$c Ustadz Rusdianto; Editor: Ibnu Jaber =260 ##$$a Yogyakarta :$b Saufa,$c 2016 =300 ##$$a 188 hlm ; $c 20 x 14 cm =650 #4$$a Akhlak =990 ##$$a 31701585